Gruppen: Personen mit dem gleichen Vornamen - Statistiken

Allgemein
  • Dieses Quiz wurde 180 mal gespielt
  • Das Durchschnittsergebnis liegt bei 8 aus 28
Antwortstatistiken
Gruppe Lebensdaten Beruf Antwort % Korrekt
1 1813-1883 Komponist Richard Wagner
62%
1 *1932 Bauunternehmer "Mörtel" Richard Lugner
52%
1 1920-2015 Bundespräsident Richard von Weizsäcker
52%
6 *1948 Komiker Otto Waalkes
50%
4 1893-1973 Staatsratsvorsitzender der DDR Walter Ulbricht
46%
1 1864-1949 Komponist Richard Strauss
45%
5 *1966 Showmaster Stefan Raab
42%
5 *1975 Trompeter, Sänger & Fernsehmoderator Stefan Mross
41%
3 1899-1976 Bundespräsident Gustav Heinemann
38%
6 1848-1896 Pionier der Luftfahrt Otto Lilienthal
37%
6 *1938 Fußballspieler und -trainer Otto Rehhagel
36%
5 1881-1942 Schriftsteller Stefan Zweig
31%
5 *1968 Fußballspieler Stefan Effenberg
28%
3 1878-1929 Politiker Gustav Stresemann
26%
2 1912-1992 Versandkaufmann & Dressurreiter Josef Neckermann
26%
4 1883-1969 Architekt Walter Gropius
25%
3 1862-1918 Maler Gustav Klimt
23%
3 1860-1911 Dirigent & Komponist Gustav Mahler
23%
2 1732-1809 Komponist Joseph Haydn
23%
2 1921-1986 Aktionskünstler Josef Beuys
21%
6 1926-2009 Bundesminister für Wirtschaft Otto Graf Lambsdorff
20%
3 1899-1963 Schauspieler, Regisseur & Intendant Gustaf Gründgens
17%
4 *1947 Automobilrennfahrer Walter Röhrl
17%
5 *1973 Handballspieler Stefan Kretzschmer
16%
6 1891-1969 Maler & Graphiker Otto Dix
15%
4 1927-2011 Schauspieler Walter Giller
14%
2 1939-2020 Filmregisseur Joseph Vilsmaier
12%
4 1926-1990 Volksschauspieler Walter Sedlmayr
8%
Keine übereinstimmenden Quizze gefunden
Verteilung der Resultate
Anzahl Personen mit jedem Resultat
Perzentil nach korrekt beantworteten Fragen
Ihre Resultats-Entwicklung
Sie haben dieses Quiz noch nicht gespielt